skbl

Dr Suryya Kumar Bhuyan Library Web-OPAC
ডঃ সূৰ্য্য
কুমাৰ ভূঞা পুথিভঁৰাল ৱেব-অ'পেক

All Research Scholars are advised to clear the annual library fees to continue using Library Resources, Remote Access, Plagiarism Test and Library Clearance.

Cotton University Book Fair 2026

Bose and His Statistics / (Record no. 3325)

MARC details
000 -LEADER
fixed length control field 00530nam a2200205Ia 4500
001 - CONTROL NUMBER
control field 3337
008 - FIXED-LENGTH DATA ELEMENTS--GENERAL INFORMATION
fixed length control field 180201s1997 ii a g b000 u 465 u
020 ## - INTERNATIONAL STANDARD BOOK NUMBER
International Standard Book Number 81-7371-036-8
082 ## - DEWEY DECIMAL CLASSIFICATION NUMBER
Classification number 530.92
100 ## - MAIN ENTRY--PERSONAL NAME
Personal name Venkataraman, G..
245 #0 - TITLE STATEMENT
Title Bose and His Statistics /
Statement of responsibility, etc. G. Venkataraman.
Medium Textual Documents
250 ## - EDITION STATEMENT
Edition statement 1st ed. /
260 ## - PUBLICATION, DISTRIBUTION, ETC.
Place of publication, distribution, etc. Hyderabad :
Name of publisher, distributor, etc. University Press ,
Date of publication, distribution, etc. 1997.
300 ## - PHYSICAL DESCRIPTION
Extent 125p. :
Other physical details ill ;
Dimensions 21cm .
504 ## - BIBLIOGRAPHY, ETC. NOTE
Bibliography, etc. note Index.
653 ## - INDEX TERM--UNCONTROLLED
Uncontrolled term Physics
653 ## - INDEX TERM--UNCONTROLLED
Uncontrolled term Phy (D)
653 ## - INDEX TERM--UNCONTROLLED
Uncontrolled term G-Physics
942 ## - ADDED ENTRY ELEMENTS (KOHA)
Source of classification or shelving scheme Dewey Decimal Classification
Koha item type Books
Holdings
Withdrawn status Lost status Damaged status Not for loan Collection Home library Current library Shelving location Date acquired Coded location qualifier Total checkouts Full call number Barcode Date last seen Copy number Price effective from Koha item type
          Dr. Suryya Kumar Bhuyan Library Dr. Suryya Kumar Bhuyan Library   01/02/2012 00000   530.92 Ve 55 Bo 786/Phy 13/01/2024 2 01/02/2012 Books
          Dr. Suryya Kumar Bhuyan Library Dr. Suryya Kumar Bhuyan Library   01/02/2012 00000   530.92 Ve 55 Bo 785/Phy 13/01/2024 1 01/02/2012 Books

Designed and Maintained by Team SKBL
©1901-2026

Powered by Koha